000 01458nam a2200301 a 4500
001 BRCA_4944
005 20190320204854.0
008 211010s1826----mx-#######---#000-0#spa-#
041 _aspa
044 _amx
084 _aDOC39
_b.B37
_c1826
100 1 _aBarragán, Miguel
_d1789-1853
_912558
245 1 0 _aDocumento firmado por Miguel Barragán
_cMiguel Barragán, Carlos María Bustamante.
260 _aSan Luis Potosí, México
_c1826
300 _a[4] fojas
_c21 x 16 cm
500 _aCarta firmada el 12 de abril de 1826
500 _aCarta autógrafa de Don Miguel Barragán dirigida al Lic. Don Carlos María de Bustamante desde San Luis Potosí el 12 de abril de 1826. Contiene una refutación que Barragán hace a un escrito de Bustamante, le pide que aclare la verdad de tales hechos y que se apresure a publicar ´La Chimalpain´ que muchas personas desean conocer
500 _aEl documento tiene la leyenda DOC. #48
500 _aPapel con marca de agua
500 _aEstado de conservación: Contiene anotaciones con tinta roja
506 0 _aFondo reservado: para su consulta es necesario credencial de usuario y carta de motivos
546 _aTexto en: español de principios del siglo XIX
600 1 4 _aBarragán, Miguel
_d1789-1853
_912558
651 4 _aMèxico
_vManuscrito
_xHistoria
_yFederalismo y centralismo, 1824-1853
_912559
700 1 _aBustamante, Carlos María
_d1774-1848
_912560
902 _aFDH
942 _2lcc
_cD
999 _c4638
_d4638